[Event "Kaiserbrunnen Seniors op 2nd "]
[Site "Brakel"]
[Date "2004.02.26"]
[Round "7"]
[White "Dunkel, Horst"]
[Black "Sucker, Adolf"]
[Result "0-1"]
[WhiteElo "1628"]
[BlackElo "1805"]
[PlyCount "50"]
[EventDate "2004.02.20"]
[EventType "swiss"]
[EventRounds "9"]
[EventCountry "GER"]
[SourceTitle "EXT 2006"]
[Source "ChessBase"]
[SourceDate "2005.11.24"]
[SourceVersion "1"]
[SourceVersionDate "2005.11.24"]
[SourceQuality "1"]

1. d4 e6 2. Nf3 d5 3. e3 Nf6 4. Bd3 Be7 5. Nbd2 b6 6. 0-0 0-0 7. c3 c5 8. b3 Bb7 9. Bb2 Nc6 10. Rc1 Rc8 11. Qe2 cxd4 12. cxd4 Nb4 13. Bb1 Ba6 14. Rxc8 Qxc8 15. Qd1 Bxf1 16. Nxf1 Ne4 17. a3 Nc6 18. h4 Qc7 19. h5 Rc8 20. g3 Bd6 21. Qd3 f5 22. g4 Qf7 23. Ne5 Bxe5 24. dxe5 fxg4 25. Ng3 Qxf2+ 0-1

[Event "Bad Sooden-Allendorf Seniors op 14th"]
[Site "Bad Sooden-Allendorf"]
[Date "2002.04.29"]
[Round "8"]
[White "Tessmer, Herbert"]
[Black "Sucker, Adolf"]
[Result "1/2-1/2"]
[WhiteElo "1652"]
[BlackElo "1800"]
[PlyCount "110"]
[EventDate "2002.04.??"]
[EventType "swiss"]
[EventRounds "9"]
[EventCountry "GER"]
[SourceTitle "EXT 2006"]
[Source "ChessBase"]
[SourceDate "2005.11.24"]
[SourceVersion "1"]
[SourceVersionDate "2005.11.24"]
[SourceQuality "1"]

1. e4 c5 2. Nf3 Nc6 3. d4 cxd4 4. Nxd4 d6 5. Be2 Nf6 6. Nc3 Qc7 7. 0-0 e6 8. Ndb5 Qb8 9. Bf4 Ne5 10. h3 a6 11. Nd4 Be7 12. a3 0-0 13. Kh1 Ng6 14. Bh2 Rd8 15. Qe1 Qa7 16. Rd1 d5 17. f3 dxe4 18. fxe4 Rxd4 19. Bd3 Rd8 20. Qe2 Bd7 21. e5 Nd5 22. Qh5 Nxc3 23. bxc3 Qc5 24. Rxf7 Be8 25. Rf3 Qxc3 26. Rdf1 Rxd3 27. cxd3 Rd8 28. Qg4 Rxd3 29. Qxe6+ Kh8 30. Rf8+ Bxf8 31. Qxe8 Qxa3 32. Qc8 Qe7 33. e6 Rd8 34. Qc4 Re8 35. Re1 b5 36. Qc6 Qa7 37. Qxe8 Qf2 38. Rd1 Nh4 39. Qc6 h6 40. Qe4 Be7 41. Rc1 g6 42. Bg1 Qd2 43. Rf1 Nf5 44. Qe5+ Kg8 45. Rxf5 gxf5 46. Qxf5 Qd6 47. Qg6+ Kh8 48. Qe4 Bf6 49. Qf5 Qe7 50. Qd5 Kg7 51. Bc5 Qc7 52. g4 Qg3 53. Qd7+ Kg6 54. Qe8+ Kh7 55. Qf7+ Bg7 1/2-1/2

[Event "Bad Sooden-Allendorf Seniors op 14th"]
[Site "Bad Sooden-Allendorf"]
[Date "2002.04.25"]
[Round "4"]
[White "Rose, Heinrich"]
[Black "Sucker, Adolf"]
[Result "0-1"]
[WhiteElo "1668"]
[BlackElo "1800"]
[PlyCount "63"]
[EventDate "2002.04.??"]
[EventType "swiss"]
[EventRounds "9"]
[EventCountry "GER"]
[SourceTitle "EXT 2006"]
[Source "ChessBase"]
[SourceDate "2005.11.24"]
[SourceVersion "1"]
[SourceVersionDate "2005.11.24"]
[SourceQuality "1"]

1. c4 Nf6 2. Nc3 e5 3. Nf3 Nc6 4. g3 d6 5. Bg2 Be7 6. 0-0 0-0 7. a3 Be6 8. d3 h6 9. b4 Qd7 10. d4 exd4 11. Nxd4 Bxc4 12. Nxc6 bxc6 13. Qd4 d5 14. Rd1 Rad8 15. e4 Bb3 16. Rd2 dxe4 17. Qxa7 Qe6 18. Qe3 Rxd2 19. Bxd2 Bc2 20. f3 Nd5 21. Nxd5 cxd5 22. fxe4 Bxe4 23. Bxe4 dxe4 24. Rc1 Rd8 25. Rc2 Bg5 26. Qe1 Qb6+ 27. Kg2 e3 28. Bc1 Qd4 29. Qe2 Qe4+ 30. Kg1 Qd5 31. Bxe3 Bxe3+ 32. Qxe3 0-1

[Event "Bad Sooden-Allendorf Seniors op 14th"]
[Site "Bad Sooden-Allendorf"]
[Date "2002.04.24"]
[Round "3"]
[White "Sucker, Adolf"]
[Black "Helmsen, Franz"]
[Result "0-1"]
[WhiteElo "1800"]
[BlackElo "2136"]
[PlyCount "31"]
[EventDate "2002.04.??"]
[EventType "swiss"]
[EventRounds "9"]
[EventCountry "GER"]
[SourceTitle "EXT 2006"]
[Source "ChessBase"]
[SourceDate "2005.11.24"]
[SourceVersion "1"]
[SourceVersionDate "2005.11.24"]
[SourceQuality "1"]

1. d4 Nf6 2. c4 e6 3. Nc3 Bb4 4. Qc2 c5 5. e3 Nc6 6. Nf3 0-0 7. Bd3 d5 8. 0-0 dxc4 9. Bxc4 cxd4 10. Rd1 e5 11. a3 Bxc3 12. bxc3 Bg4 13. Be2 Rc8 14. Qb1 e4 15. Nxd4 Bxe2 16. Rd2 0-1